Potenciación de habilidades descendidas mediante la aplicación de TEACCH en alumno diagnosticado con Síndrome de Asperger

A través del presente trabajo de investigación, la propuesta fue implementar estrategias del programa TEACCH como herramientas útiles en la intervención de un niño con síndrome de Asperger. Se buscó desarrollar habilidades sociales, rutinas de trabajo eficiente y desarrollo de una mayor independenci...

Descripción completa

Detalles Bibliográficos
Autor principal: Muñoz Muñoz, Mónica
Otros Autores: Sanhueza Mendoza, Rodrigo (profesor guía)
Formato: Tesis
Lenguaje:español
Publicado: Santiago, Chile Universidad Academia de Humanismo Cristiano 2018
Materias:
Acceso en línea:Disponible en línea (PDF). Biblioteca Digital UAHC

MARC

LEADER 00000cmm a2200000 a 4500
001 000330
003 UAHC_CL
005 20210909180426.0
008 171121s2017 cl 000 spa
952 |0 0  |1 0  |2 ddc  |4 0  |6 TPEDIF_115_000000000000000  |7 0  |8 COMP  |9 90012  |a BC  |b BC  |c Referencia  |d 2018-05-30  |l 0  |o TPEDIF 115  |p 4107  |r 2019-01-03 00:00:00  |w 2018-05-30  |y TS  |B PEDIF 
999 |c 50744  |d 50744 
040 |a UAHC_CL  |c UAHC_CL  |d UAHC_CL 
100 |a Muñoz Muñoz, Mónica  |9 3517 
245 1 3 |a Potenciación de habilidades descendidas mediante la aplicación de TEACCH en alumno diagnosticado con Síndrome de Asperger  |c Mónica Muñoz, profesor guía Rodrigo Sanhueza. 
260 |b Universidad Academia de Humanismo Cristiano  |c 2018  |a Santiago, Chile 
300 |a 1 cd rom 
500 |a Tesis para optar al título de Profesor de Educación Diferencial con mención en Trastornos Específico del Lenguaje Oral. 
502 |a Tesis (Profesor de educación diferencial) -- Universidad Academia de Humanismo Cristiano, 2018. 
516 |a Tesis electrónica (PDF) 
520 |a A través del presente trabajo de investigación, la propuesta fue implementar estrategias del programa TEACCH como herramientas útiles en la intervención de un niño con síndrome de Asperger. Se buscó desarrollar habilidades sociales, rutinas de trabajo eficiente y desarrollo de una mayor independencia en el contexto escolar, para esto se diseñaron actividades, que generaron instancias para que nuestro caso de estudio desarrollara estas habilidades, lo cual fue registrado en escalas de apreciación aplicadas en sesiones, en diferentes períodos de tiempo quedando registrado el avance progresivo de las áreas trabajadas, posteriormente se analizó la información triangulando los datos obtenidos. 
650 0 |9 936  |a Síndrome de Asperger  
650 0 |9 6548  |a Habilidades sociales en niños 
650 0 |9 6550  |a Desarrollo cognitivo 
650 0 |9 1263  |a Educación especial 
700 |a Sanhueza Mendoza, Rodrigo  |9 3518  |e profesor guía 
856 |u http://bibliotecadigital.academia.cl/xmlui/handle/123456789/4906  |y Disponible en línea (PDF). Biblioteca Digital UAHC 
900 |a TPEDIF 115 
942 |c TS